01235nam a2200157 4500008004100000020001800041041000800059100001800067245004500085250002200130260003300152300002000185500008100205505077600286655001501062200210s2011 ag ||||e |||| 000 0 spa d a9789875452794 aspa1 aSordo, Pilar. aLecciones de seducción /cPilar Sordo. a1a ed. 2da reimp. aBuenos Aires:bNorma;c2011. a192 p.b21x14cm aSordo, P. (2011). Lecciones de seducción. (1a ed.). Buenos Aires : Norma.  aConstantemente buscamos seducir: porque queremos formar pareja, porque intentamos revivir un matrimonio de muchos años o simplemente porque nos guía la conquista del otro. La psicóloga chilena Pilar Sordo nos invita a compartir un nuevo proyecto que parte de premisas que exigen acciones más allá de la lectura. Este libro trata sobre la seducción entendida como un proceso activo y está apoyado en dos conceptos clave: la autoseducción y el autocuidado. Estas doce lecciones de seducción se pueden leer como un todo completo o es posible trabajarlas mes a mes. Son clases que superan los simples consejos útiles y que, al igual que los demás libros de esta autora, proponen una reflexión profunda, esta vez, desde nuestro costado más íntimo.  aLiteratura